000 00326 a2200169 4500
001 175205
020 _a85-02-02126-5
040 _cMagnum
100 _aMaiali, André Cury
240 1 0 _aFísica
_lpor
245 1 0 _aFísica
300 _a652
362 0 _a1996
440 1 _aSaraiva
697 _aFÍSICA
942 _cBK
999 _c175205
_d175205